Normal view MARC view
  • Trabajos manuales (Educación)

Entry Materia

Number of records used in: 47

001 - NÚMERO DE CONTROL DEL REGISTRO

  • campo de control: 6600

003 - IDENTIFICADOR DE NUMERO DE CONTROL

  • campo de control: UPN

005 - FECHA Y HORA DE LA ÚLTIMA TRANSACCIÓN

  • campo de control: 20241128152244.0

008 - DATOS DE LONGITUD FIJA

  • campo de control de longitud fija: 221027n||acnnnbabn | ana |d

035 ## - NÚMERO DE CONTROL DEL SISTEMA

  • Número de control del sistema: UPN10000006602

040 ## - FUENTE DE LA CATALOGACIÓN

  • Centro catalogador de origen: UPN
  • Lengua de catalogación: spa
  • Agencia de transcripción: UPN

046 ## - FECHAS CON CODIFICACIÓN ESPECIAL

  • Fecha final para contenidos agregados: 2022

150 ## - ENCABEZAMIENTO - TEMÁTICO

  • Término de materia o nombre geográfico como elemento inicial: Trabajos manuales (Educación)

450 ## - VÉASE - MATERIA

  • Encabezamiento temático: Adiestramiento manual

450 ## - VÉASE - MATERIA

  • Encabezamiento temático: Educación industrial

450 ## - VÉASE - MATERIA

  • Encabezamiento temático: Escuelas industriales

550 ## - VÉASE ADEMÁS - MATERIA

  • Subcampo de control: g
  • Encabezamiento temático o nombre geográfico como elemento de entrada: Escuelas

550 ## - VÉASE ADEMÁS - MATERIA

  • Subcampo de control: g
  • Encabezamiento temático o nombre geográfico como elemento de entrada: Educación vocacional

550 ## - VÉASE ADEMÁS - MATERIA

  • Subcampo de control: g
  • Encabezamiento temático o nombre geográfico como elemento de entrada: Capacitación

670 ## - FUENTE EN LA QUE SE LOCALIZARON DATOS

  • Cita de la fuente: A

902 ## - CATALOGADOR

  • Catalogador: JMG/230497